000 00339nam a2200145Ia 4500
003 OSt
005 20240205112908.0
008 170523s9999 xx 000 0 und d
020 _a9788171415915
040 _ciimt university meerut
100 _aMATHUR- BL
245 0 _aMAKING MANAGEMENT
260 _bARIHANT PUBLICATION
942 _2ddc
_c02
999 _c297
_d297